书目信息 |
| 题名: |
霸王别姬
|
|
| 作者: | 魏莲芳 , 李君芳 , 沈雁西 , 顾永湘 整理 | |
| 分册: | ||
| 出版信息: | 上海 上海文艺出版社 1987.9 |
|
| 页数: | 59页 | |
| 开本: | 26厘米 | |
| 丛书名: | ||
| 单 册: | ||
| 中图分类: | J643.1 , J247.5 | |
| 科图分类: | ||
| 主题词: | 京剧-曲谱 , 曲谱-京剧 , 绘画 | |
| 电子资源: | ||
| ISBN: | ||
| 000 | 00945nam0 2200313 45 | |
| 001 | 1551385994 | |
| 005 | 20150129184042.80 | |
| 010 | @dCNY0.84 | |
| 020 | @aCN@b88018435 | |
| 100 | @a19910417d1987 e y0chiy0120 ea | |
| 101 | 0 | @achi |
| 102 | @aCN@b310000 | |
| 105 | @afg z 000yy | |
| 200 | 10 | @a霸王别姬@Aba wang bie ji@e京剧曲谱@Ejing ju qu pu@f魏莲芳整理@Fwei lian fang zheng li@g李君芳执笔@g沈雁西,顾永湘记谱 |
| 210 | @a上海@c上海文艺出版社@d1987.9 | |
| 215 | @a59页@c照片@d26厘米 | |
| 300 | @a梅兰芳演出剧目选 | |
| 540 | 1 | @a霸王别姬@e京剧曲谱@Aba wang bie ji@Ejing ju qu pu |
| 606 | @a京剧-曲谱 | |
| 606 | @a曲谱-京剧 | |
| 606 | 0 | @a绘画 |
| 690 | @aJ643.1@v1980 | |
| 690 | @aJ247.5@v4 | |
| 701 | 0 | @a魏莲芳@Awei lian fang@4整理 |
| 701 | 0 | @a李君芳@Ali jun fang@4执笔 |
| 701 | 0 | @a沈雁西@Ashen yan xi@4记谱 |
| 701 | 0 | @a顾永湘@Agu yong xiang@4记谱 |
| 801 | 0 | @aCN@bTSSF@c20150129 |
| 905 | @aZUCC@dJ247.5@eJY267 | |
| 霸王别姬:京剧曲谱/魏莲芳整理/李君芳执笔/沈雁西,顾永湘记谱.-上海:上海文艺出版社,1987.9 |
| 59页:照片;26厘米 |
| 梅兰芳演出剧目选 |
| ISBN :CNY0.84 |
| ● |
| 相关链接 |
|
|
|
|
正题名:霸王别姬
索取号:J247.5/JY267
 
预约/预借
| 序号 | 登录号 | 条形码 | 馆藏地/架位号 | 状态 | 备注 |
| 1 | 7850298 | 278502988 | 学院路分馆/ [索取号:J247.5/JY267] | 在馆 | |
| 2 | 7850299 | 278502997 | 学院路分馆/ [索取号:J247.5/JY267] | 在馆 | |
| 3 | 7850300 | 278503004 | 学院路分馆/ [索取号:J247.5/JY267] | 在馆 |